La sociolingüística
Shranjeno v:
| Glavni avtor: | |
|---|---|
| Format: | Knjiga |
| Jezik: | španščina |
| Izdano: |
Barcelona
Anagrama
2000
|
| Izdaja: | 2a. ed |
| Serija: | Biblioteca de Lingüística, 1
|
| Teme: | |
| Oznake: |
Označite
Brez oznak, prvi označite!
|
MARC
| LEADER | 00000nam a2200000 a 4500 | ||
|---|---|---|---|
| 001 | UCN8519 | ||
| 003 | CL-VaPUC | ||
| 008 | 011116e20000900SP |||||||||||||||||spa|d | ||
| 082 | 0 | 4 | |a 306.44 |b HUD |2 21 |
| 100 | |a Hudson, R. A |e author |9 464759 | ||
| 245 | 1 | 3 | |a La sociolingüística |
| 250 | |a 2a. ed | ||
| 300 | |a 260 p | ||
| 942 | |c BK | ||
| 945 | |d 20011116 00:00:00 |a cmena | ||
| 260 | |a Barcelona |b Anagrama |c 2000 | ||
| 650 | 7 | |a COMPORTAMIENTO LINGUISTICO |2 CL-VaPUC |9 336280 | |
| 650 | 7 | |a DIALECTOS |2 CL-VaPUC |9 348323 | |
| 650 | 0 | |a Lenguajes varios |9 416261 | |
| 650 | 0 | |a Interacción social |9 307764 | |
| 650 | 7 | |a MINORIAS LINGUISTICAS |2 CL-VaPUC |9 416320 | |
| 650 | 0 | |a Desigualdad social |9 349409 | |
| 583 | |a last modification |c 20011116 00:00:00 |k Rodrigo Vera | ||
| 490 | 0 | |a Biblioteca de Lingüística, 1 | |
| 999 | |c 298358 |d 298356 | ||
| 952 | |0 0 |1 0 |4 0 |6 306_440000000000000_HUD_2000 |7 0 |8 ? |9 353873 |a FDOPOS |b FDOPOS |d 2019-11-21 |i 3772446 |o 306.44 HUD 2000 |p 3772446 |r 2019-11-21 |w 2019-11-21 |y BK |k MLA | ||